[Event "38th Olympiad"]
[Site "Dresden GER"]
[Date "2008.11.22"]
[Round "9"]
[White "Ermenkov,Evgenij"]
[Black "Saeheng,B"]
[Result "0-1"]
[WhiteElo "2465"]
[BlackElo "2314"]
[EventDate "2008.11.13"]

1. c4 Nf6 2. Nc3 g6 3. e4 d6 4. d4 Bg7 5. Bg5 O-O 6. Qd2 c6 7. Bd3 e5 8. d5
Qa5 9. Nge2 cxd5 10. cxd5 a6 11. O-O Nbd7 12. a3 Qd8 13. b4 Kh8 14. h3 Qe8
15. Ng3 Ng8 16. Rfe1 Ndf6 17. a4 h6 18. Be3 Nh7 19. a5 Bd7 20. Rac1 f5 21.
exf5 gxf5 22. f4 Qg6 23. Kh2 h5 24. Nge2 Nhf6 25. Rg1 Rae8 26. Bb1 Qh7 27.
g3 Bh6 28. Rg2 Rc8 29. Ng1 e4 30. Nge2 Rc4 31. Nd1 Rxc1 32. Nxc1 Qf7 33.
Ba2 Ne7 34. Nc3 Rg8 35. N1e2 h4 36. Bd4 Kh7 37. Be3 Qh5 38. Nd4 hxg3+ 39.
Rxg3 Ng4+ 40. Kg2 Nxe3+ 41. Qxe3 Ng6 42. Nce2 Qh4 43. Ne6 Bb5 44. Qc3 Bxe2
45. Qc7+ Qe7 46. Rc3 Nxf4+ 47. Kh2 Re8 48. Qb6 Qh4 49. Rg3 Nxe6 50. Qxb7+
Re7 51. Qc8 Rg7 52. dxe6 Qxg3+ 0-1

[Event "38th Olympiad"]
[Site "Dresden GER"]
[Date "2008.11.22"]
[Round "9"]
[White "Pornariyasombat,A"]
[Black "Michel Yunis,C"]
[Result "0-1"]
[WhiteElo "2173"]
[BlackElo "2368"]
[EventDate "2008.11.13"]

1. e4 c5 2. Nc3 Nc6 3. f4 g6 4. Nf3 Bg7 5. Bb5 Nd4 6. O-O Nxb5 7. Nxb5 a6
8. Nc3 d6 9. d3 b5 10. Qe1 b4 11. Ne2 Bg4 12. Qh4 Bxf3 13. Rxf3 e6 14. Qe1
Ne7 15. c3 a5 16. Ng3 Nc6 17. Be3 O-O 18. Rd1 Re8 19. Ne2 bxc3 20. bxc3 Rb8
21. d4 cxd4 22. Nxd4 Qc7 23. Qh4 Nxd4 24. cxd4 Qc2 25. Rdf1 Qxe4 26. Rh3 h5
27. Qf2 Rec8 28. Qf3 Qf5 29. Rg3 Bf6 30. Qd1 Rb2 31. Qa4 Rcc2 32. Bf2 Rxa2
33. Qe8+ Kg7 34. h3 Rxf2 35. Rxf2 Bxd4 36. Rgf3 Rxf2 0-1

[Event "38th Olympiad"]
[Site "Dresden GER"]
[Date "2008.11.22"]
[Round "9"]
[White "Moussa,A"]
[Black "Teerapabpaisit,W"]
[Result "0-1"]
[WhiteElo "2223"]
[BlackElo "2306"]
[EventDate "2008.11.13"]

1. d4 Nf6 2. c4 g6 3. Nc3 Bg7 4. e4 d6 5. Nf3 O-O 6. h3 e5 7. dxe5 dxe5 8.
Be3 Nc6 9. Be2 Nh5 10. Qxd8 Nxd8 11. Nb5 Ne6 12. Nxa7 Nhf4 13. Bf1 Bd7 14.
g3 Nh5 15. Nb5 Bc6 16. Bd3 f5 17. Ng5 Nxg5 18. Bxg5 fxe4 19. Be2 e3 20. O-O
exf2+ 21. Kh2 Rf7 22. Bg4 Re8 23. Be3 e4 24. Rxf2 Rxf2+ 25. Bxf2 e3 26. Be1
Bxb2 27. Rd1 Be5 28. Nd4 Ba4 29. Nb3 e2 30. Rc1 Nxg3 31. Kg1 Bc6 32. Rc2
Be4 33. Rd2 Bf4 34. Bxg3 Bxg3 35. Rxe2 Bc6 36. Rxe8+ Bxe8 37. c5 Bf7 38.
Bf3 b6 39. cxb6 cxb6 40. Bd1 Be5 41. a4 Bc3 42. Nc1 Kf8 43. Nd3 Ke7 44. Kf2
Kd6 45. Ke3 Bf6 46. Nf2 Bh4 47. Ne4+ Ke5 48. Nf2 Bxf2+ 49. Kxf2 Kf4 50. Kg2
Bd5+ 51. Kh2 Bc6 52. Bc2 Kf3 53. Bd1+ Kf2 54. Bc2 Bd7 55. Bb3 g5 56. Bd1 h6
57. Bc2 h5 58. Bb3 g4 59. hxg4 hxg4 0-1

[Event "38th Olympiad"]
[Site "Dresden GER"]
[Date "2008.11.22"]
[Round "9"]
[White "Pitirotjirathon,J"]
[Black "Ihsan,J"]
[Result "1-0"]
[WhiteElo "2293"]
[BlackElo "2166"]
[EventDate "2008.11.13"]

1. d4 Nf6 2. c4 g6 3. Nc3 Bg7 4. e4 d6 5. Be2 O-O 6. Bg5 c5 7. d5 h6 8. Be3
e6 9. Qd2 exd5 10. exd5 Kh7 11. h3 Re8 12. Nf3 Bf5 13. O-O Ne4 14. Nxe4
Bxe4 15. Rac1 Qf6 16. b3 Na6 17. Rfe1 Nc7 18. Nh2 Qb2 19. Bf3 Qxd2 20. Bxd2
Bd3 21. Bf4 Bf8 22. Ng4 Rxe1+ 23. Rxe1 Bf5 24. Nf6+ Kg7 25. Ne4 Re8 26. g4
Bxe4 27. Rxe4 f5 28. gxf5 gxf5 29. Rxe8 Nxe8 30. h4 Nf6 31. h5 Nd7 32. Be2
Ne5 33. Bd2 Be7 34. Kg2 Bh4 35. Be3 Nd7 36. Kh3 Be7 37. Kg3 Bg5 38. f4 Be7
39. Bd3 Nf6 40. Bxf5 Nxh5+ 41. Kf3 b6 42. a3 Kf8 43. b4 Bf6 44. bxc5 bxc5
45. Kg4 Ng7 46. Bg6 Ne8 47. a4 Bg7 48. Kf5 Nc7 49. Bd2 Ke7 50. Ba5 Na8 51.
Be1 Nb6 52. Bh4+ Kd7 53. Bf7 Nxa4 54. Kg6 Bf8 55. Be6+ Ke8 56. f5 Be7 57.
Bxe7 Kxe7 58. Kg7 1-0

[Event "38th Olympiad"]
[Site "Dresden GER"]
[Date "2008.11.22"]
[Round "9"]
[White "Lopez Falcon,J"]
[Black "Campero,R"]
[Result "1-0"]
[WhiteElo "2206"]
[BlackElo "2255"]
[EventDate "2008.11.13"]

1. d4 d6 2. Nf3 Bg4 3. c4 Nd7 4. Qb3 Rb8 5. h3 Bxf3 6. Qxf3 Ngf6 7. Nc3 g6
8. e3 Bg7 9. Qd1 O-O 10. Be2 c5 11. O-O Ne8 12. d5 Nc7 13. a4 a6 14. a5 b5
15. axb6 Nxb6 16. Qc2 e6 17. e4 exd5 18. exd5 Re8 19. Be3 Qh4 20. Nd1 Nd7
21. Bg4 Ne5 22. Be2 f5 23. Qc1 h6 24. Bf4 g5 25. Bd2 f4 26. Ra3 f3 27. Bxf3
Qxc4 28. Bh5 Rf8 29. Ne3 Qh4 30. Qd1 Rxb2 31. Be1 Qd4 32. Ba5 Nb5 33. Ra4
Qxd1 34. Nxd1 Rb1 35. Bd2 Nc7 36. Ne3 Rxf1+ 37. Kxf1 Nd3 38. Bf3 Nf4 39.
Nc4 Nxh3 40. Nxd6 Nf4 41. Nb7 Ncxd5 42. g3 Bd4 43. gxf4 Nxf4 44. Rxa6 Nd3
45. Bd5+ Kg7 46. f3 Ne5 47. Ke2 Ng6 48. Nd6 Nf4+ 49. Bxf4 Rxf4 50. Be4 g4
51. Nf5+ 1-0

[Event "38th Olympiad"]
[Site "Dresden GER"]
[Date "2008.11.22"]
[Round "9"]
[White "Luna,Ra"]
[Black "Rodriguez,Sa"]
[Result "0-1"]
[WhiteElo "2133"]
[BlackElo "2262"]
[EventDate "2008.11.13"]

1. d4 Nf6 2. c4 e6 3. Bg5 b6 4. Nf3 Bb7 5. e3 h6 6. Bh4 Bb4+ 7. Nfd2 c5 8.
a3 Ba5 9. f3 O-O 10. Bd3 Nc6 11. Bf2 d5 12. O-O Bxd2 13. Qxd2 cxd4 14. exd4
Na5 15. Qe2 dxc4 16. Bxc4 Nxc4 17. Qxc4 Rc8 18. Qe2 Nd5 19. Be1 Nf4 20. Qd2
Qxd4+ 21. Qxd4 Ne2+ 22. Kf2 Nxd4 23. Nc3 Nb3 24. Rd1 Rfd8 25. Rxd8+ Rxd8
26. Kg3 Rd3 27. Rf2 e5 28. Re2 e4 29. Kf2 Nd4 0-1

[Event "38th Olympiad"]
[Site "Dresden GER"]
[Date "2008.11.22"]
[Round "9"]
[White "Velasco,S"]
[Black "Rizouk,A"]
[Result "0-1"]
[WhiteElo "2287"]
[BlackElo "2507"]
[EventDate "2008.11.13"]

1. e4 e5 2. Nf3 Nc6 3. Bb5 Nf6 4. d4 Nxe4 5. Qe2 Nd6 6. Bxc6 dxc6 7. dxe5
Nf5 8. Bg5 Be7 9. Bxe7 Qxe7 10. Nc3 Bd7 11. O-O-O O-O-O 12. Rd2 Be6 13.
Rhd1 Rxd2 14. Qxd2 h6 15. Nd4 Nxd4 16. Qxd4 c5 17. Qe3 Qg5 18. Qxg5 hxg5
19. h3 g4 20. hxg4 Rh2 21. f3 Rxg2 22. Ne4 b6 23. b3 c4 24. Rd2 Rg1+ 25.
Kb2 cxb3 26. cxb3 Re1 27. Rg2 Bd5 28. Rf2 Kb7 29. Nc3 Be6 30. Re2 Rf1 31.
Re3 Rf2+ 32. Ka3 a5 33. Ne4 Rg2 34. Ng5 b5 35. Nxe6 b4+ 36. Ka4 Kb6 0-1

[Event "38th Olympiad"]
[Site "Dresden GER"]
[Date "2008.11.22"]
[Round "9"]
[White "Sebih,K"]
[Black "Santa Torres,J"]
[Result "0-1"]
[WhiteElo "2295"]
[BlackElo "2233"]
[EventDate "2008.11.13"]

1. e4 c5 2. Nf3 e6 3. d4 cxd4 4. Nxd4 a6 5. c4 Nc6 6. Nc3 Qc7 7. Be3 Nf6 8.
Be2 Be7 9. O-O O-O 10. Rc1 Nxd4 11. Qxd4 d6 12. f4 e5 13. Qd2 exf4 14. Bxf4
Be6 15. Kh1 Nd7 16. Nd5 Bxd5 17. cxd5 Qb6 18. Be3 Qd8 19. Qb4 b5 20. Bg4
Ne5 21. Be2 a5 22. Qd2 Rb8 23. Rc2 b4 24. Rfc1 b3 25. axb3 Rxb3 26. Ra1 Rb4
27. Bd4 Bg5 28. Qd1 Re8 29. g3 Bf6 30. Bc3 Rxe4 31. Bxa5 Qd7 32. Bc3 Qf5
33. Qg1 Ng4 34. Bxg4 Rxg4 35. Qd1 Bxc3 36. bxc3 Rge4 37. Kg2 h5 38. Rf2 Qe5
39. Raa2 Re3 40. c4 Qe4+ 41. Kh3 g6 42. Qf1 Re1 0-1

[Event "38th Olympiad"]
[Site "Dresden GER"]
[Date "2008.11.22"]
[Round "9"]
[White "Montalvo,A"]
[Black "Goutali,T"]
[Result "1-0"]
[WhiteElo "2223"]
[BlackElo "2225"]
[EventDate "2008.11.13"]

1. e4 d6 2. d4 Nf6 3. f3 g6 4. Be3 Bg7 5. Qd2 c6 6. c4 O-O 7. Nc3 a6 8.
O-O-O Qa5 9. Kb1 Re8 10. Nge2 b5 11. Nc1 Nbd7 12. g4 e5 13. Nb3 Qc7 14. Be2
exd4 15. Bxd4 Ne5 16. Bxe5 dxe5 17. Qd6 Ra7 18. Qxc7 Rxc7 19. Rd6 Nd7 20.
cxb5 axb5 21. Rc1 Bf8 22. Rdd1 Rb7 23. Na5 Rb6 24. a3 Nb8 25. Nxc6 Rxc6 26.
Bxb5 Bb7 27. Bxc6 Bxc6 28. Nd5 Kg7 29. g5 h6 30. h4 Ba4 31. Nf6 Re6 32. Rd8
Rb6 33. Rcc8 hxg5 34. hxg5 Nd7 35. Nxd7 Bxd7 36. Rxf8 Bxc8 37. Rxc8 1-0

[Event "38th Olympiad"]
[Site "Dresden GER"]
[Date "2008.11.22"]
[Round "9"]
[White "Haddouche,M"]
[Black "Raul,V"]
[Result "1-0"]
[WhiteElo "2333"]
[BlackElo "2099"]
[EventDate "2008.11.13"]

1. e4 c5 2. Nf3 d6 3. d4 cxd4 4. Nxd4 Nf6 5. Nc3 a6 6. Be2 e5 7. Nb3 Be7 8.
O-O O-O 9. Kh1 b6 10. f4 Bb7 11. Bf3 Nbd7 12. Qe1 Rc8 13. Be3 b5 14. a3 Re8
15. Rd1 Qc7 16. f5 Bf8 17. Bg5 h6 18. Bc1 d5 19. exd5 e4 20. Be2 b4 21.
axb4 Bxb4 22. Nb5 Bxe1 23. Nxc7 Rxc7 24. Rfxe1 Rxc2 25. Nd4 Rc5 26. d6 Ne5
27. Bf4 Rd5 28. Nb3 Nd3 29. Bxd3 exd3 30. Rxe8+ Nxe8 31. Nc5 Bc8 32. b4
Nxd6 33. g4 Nb5 34. Rxd3 Rxd3 35. Nxd3 Nd4 36. Kg2 Bd7 37. Kf2 Bb5 38. Nc5
Nc6 39. Bd2 Ne5 40. Kg3 Kf8 41. Bc3 Nd7 42. Ne4 Bd3 43. Nf2 Bc2 44. Kf4 Kg8
45. Ne4 Nb6 46. Bd2 Nc4 47. Be1 Kf8 48. Nc5 Nb2 49. Ke3 Bd1 50. h3 Nc4+ 51.
Kd4 Nd6 52. Nxa6 Nb5+ 53. Kc5 Be2 54. Nb8 Ke7 55. Nc6+ Kf6 56. Bh4+ g5 57.
Bg3 Kg7 58. Be5+ Kh7 59. Bf6 Nc7 60. Nd4 Bf1 61. Kc6 Na6 62. b5 Nb4+ 63.
Kc5 Nd3+ 64. Kd6 Nf2 65. b6 Ne4+ 66. Kc7 Ba6 67. Be7 Nc3 68. Kc6 Na4 69. b7
Bxb7+ 70. Kxb7 Nc3 71. Bb4 Ne4 72. Be1 Kg7 73. Kc6 Nf6 74. Nc2 Kg8 75. Ne3
Ne4 76. Kd5 Nf6+ 77. Kd4 h5 78. Bg3 hxg4 79. hxg4 Kh7 80. Be5 Ng8 81. Nd5
Nh6 82. Nf6+ Kg7 83. Kd5 Kf8 84. Kd6 Kg7 85. Ke7 Kh8 86. Kf8 Nxg4 87. Nxg4+
Kh7 88. Bg7 1-0

[Event "38th Olympiad"]
[Site "Dresden GER"]
[Date "2008.11.22"]
[Round "9"]
[White "Samhouri,B"]
[Black "Al Hadarani,H"]
[Result "1-0"]
[WhiteElo "2205"]
[BlackElo "2308"]
[EventDate "2008.11.13"]

1. d4 c6 2. Nf3 f5 3. c4 Nf6 4. Bg5 Ne4 5. Bf4 e6 6. Nc3 Bb4 7. Qb3 Qa5 8.
Rc1 O-O 9. e3 Be7 10. Bd3 Nxc3 11. bxc3 c5 12. Ke2 d6 13. h3 Nd7 14. g4 Nf6
15. Qc2 cxd4 16. cxd4 Bd7 17. gxf5 exf5 18. Bg5 Rae8 19. Rhg1 Ne4 20. Bf4
Kh8 21. Nd2 d5 22. Nb3 Qd8 23. c5 Ng5 24. Be5 Bf6 25. Bd6 Be7 26. Be5 Rf7
27. h4 Ne4 28. f3 Bxh4 29. Rg2 Bf6 30. fxe4 fxe4 31. Bxe4 dxe4 32. Bf4 Bb5+
33. Kd2 Bxd4 34. Nxd4 Rxf4 35. Qb2 Qa5+ 36. Rc3 Rd8 37. exf4 Rxd4+ 38. Ke3
Rd8 39. Rxg7 Rg8 40. Rg5 Rxg5 41. Ra3+ Kg8 42. Rxa5 Rg3+ 43. Kxe4 Bc6+ 44.
Kd4 a6 45. Ra3 Rg7 46. Re3 Rd7+ 47. Kc3 1-0

[Event "38th Olympiad"]
[Site "Dresden GER"]
[Date "2008.11.22"]
[Round "9"]
[White "Al Zendani,Z"]
[Black "Mansour,Sam"]
[Result "1-0"]
[WhiteElo "2400"]
[BlackElo "2285"]
[EventDate "2008.11.13"]

1. e4 c5 2. Nf3 g6 3. d4 cxd4 4. Nxd4 Nc6 5. Nc3 Bg7 6. Nb3 Nf6 7. Be2 O-O
8. O-O d6 9. Be3 Be6 10. Nd4 Bd7 11. h3 Nxd4 12. Bxd4 Bc6 13. Bf3 Nd7 14.
Bxg7 Kxg7 15. Re1 Qb6 16. Rb1 Ne5 17. Nd5 Bxd5 18. exd5 Rac8 19. Be2 f5 20.
c3 f4 21. Bf1 h5 22. Re4 Rf5 23. Qd4 Qc5 24. Rbe1 g5 25. h4 f3 26. g3 g4
27. Qd2 Rc7 28. c4 a5 29. Rf4 Rf6 30. Rfe4 Qb4 31. Qd4 Qc5 32. Qc3 Qb4 33.
Rxe5 Qxc3 34. Rg5+ 1-0

[Event "38th Olympiad"]
[Site "Dresden GER"]
[Date "2008.11.22"]
[Round "9"]
[White "Boshku,H"]
[Black "Homrana,M"]
[Result "1-0"]
[WhiteElo "2308"]
[BlackElo "2001"]
[EventDate "2008.11.13"]

1. Nf3 Nf6 2. g3 g6 3. Bg2 Bg7 4. O-O O-O 5. c4 d6 6. d4 Nc6 7. d5 Nb8 8.
Nd4 Bd7 9. Nc3 c5 10. Nc2 Qc8 11. Bg5 Bh3 12. Qd2 Re8 13. Rfe1 Bxg2 14.
Kxg2 Ng4 15. h3 Nf6 16. e4 Nbd7 17. Rad1 Nb6 18. b3 Nfd7 19. a4 Nf8 20. Re2
Nbd7 21. Ne1 a6 22. Bh6 Bh8 23. f4 Qd8 24. Nf3 Qb6 25. Qc2 Qa5 26. e5 Rac8
27. Re3 f6 28. e6 Nb6 29. f5 Bg7 30. Bxg7 Kxg7 31. g4 Na8 32. Ne4 h6 33. h4
gxf5 34. gxf5 Nh7 35. Rg1 Kh8 36. Kf2 b5 37. Rg6 bxc4 38. bxc4 Rb8 39. Rxh6
1-0

[Event "38th Olympiad"]
[Site "Dresden GER"]
[Date "2008.11.22"]
[Round "9"]
[White "Chahrani,I"]
[Black "Mehmeti,D"]
[Result "0-1"]
[WhiteElo "2314"]
[BlackElo "2403"]
[EventDate "2008.11.13"]

1. e4 c5 2. Nf3 d6 3. d4 cxd4 4. Nxd4 Nf6 5. Nc3 a6 6. a4 e5 7. Nf3 Be7 8.
Bg5 Be6 9. Bxf6 Bxf6 10. Nd5 Nc6 11. c3 O-O 12. Be2 Ne7 13. Nxf6+ gxf6 14.
O-O d5 15. exd5 Nxd5 16. Bd3 Nf4 17. Be4 Qb6 18. Qc2 Bb3 19. Qd2 a5 20. Qe3
Qc7 21. g3 Ng6 22. h4 Kg7 23. h5 Ne7 24. Nh4 h6 25. Nf5+ Nxf5 26. Bxf5 Rad8
27. Qf3 Rd2 28. Qg4+ Kh8 29. Bb1 Rfd8 30. Qf5 Kg7 31. Qh7+ Kf8 32. Qxh6+
Ke7 33. Ba2 Bxa2 34. Rxa2 R8d3 35. Qg7 e4 36. Raa1 Rxf2 37. Kxf2 Rxg3 38.
Rg1 0-1

[Event "38th Olympiad"]
[Site "Dresden GER"]
[Date "2008.11.22"]
[Round "9"]
[White "Khetho,P"]
[Black "Peiris,T"]
[Result "1-0"]
[WhiteElo "2229"]
[BlackElo "2100"]
[EventDate "2008.11.13"]

1. Nf3 Nf6 2. g3 d5 3. Bg2 c6 4. d3 h6 5. Nbd2 Bf5 6. b3 Nbd7 7. Bb2 e6 8.
O-O Be7 9. Re1 O-O 10. e4 Bh7 11. h3 Qc7 12. e5 Ne8 13. Nf1 b5 14. h4 c5
15. c4 bxc4 16. dxc4 Nb6 17. N3d2 Rb8 18. Rc1 d4 19. Nh2 Qd7 20. Ne4 f6 21.
exf6 Nxf6 22. Nxf6+ Bxf6 23. Ng4 Qd6 24. Qd2 Bf5 25. Nxf6+ Rxf6 26. b4 e5
27. f4 exf4 28. bxc5 Qxc5 29. Bxd4 Rd8 30. Re8+ 1-0

[Event "38th Olympiad"]
[Site "Dresden GER"]
[Date "2008.11.22"]
[Round "9"]
[White "Brittner,S"]
[Black "Bomo,K"]
[Result "1-0"]
[WhiteElo "2218"]
[BlackElo "1988"]
[EventDate "2008.11.13"]

1. d4 Nf6 2. c4 e5 3. dxe5 Ng4 4. e3 Nxe5 5. Nh3 Bc5 6. Nc3 d6 7. Nf4 Nbd7
8. Be2 O-O 9. O-O Re8 10. Na4 a5 11. b3 Ba7 12. Bb2 Nc5 13. Nc3 Bf5 14. Nb5
Bb8 15. f3 c6 16. Nd4 Bg6 17. Qd2 Qh4 18. Bc3 Bc7 19. Nxg6 Nxg6 20. Nf5 Qg5
21. g4 Ne6 22. Rae1 Nh4 23. f4 Qd8 24. Ng3 Qe7 25. Bd3 Nc5 26. Bb1 Qd7 27.
h3 d5 28. cxd5 cxd5 29. Nh5 Ne6 30. Bxg7 Qc6 31. Bd4 Bd8 32. Qd3 f5 33.
gxf5 Nc5 34. Bxc5 Qxc5 35. f6 Ng6 36. Kh2 d4 37. f5 Qd6+ 38. Kh1 Bc7 39.
Rf2 dxe3 40. Qxd6 Bxd6 41. Rg2 Bb4 42. fxg6 hxg6 43. Ree2 Rac8 44. f7+ 1-0

[Event "38th Olympiad"]
[Site "Dresden GER"]
[Date "2008.11.22"]
[Round "9"]
[White "Arias,Le"]
[Black "Lorenzana,W"]
[Result "1-0"]
[WhiteElo "2372"]
[BlackElo "2202"]
[EventDate "2008.11.13"]

1. e4 c5 2. Nf3 a6 3. d4 cxd4 4. Nxd4 Nf6 5. Nc3 e5 6. Nde2 d6 7. Bg5 Be7
8. Qd2 h6 9. Bxf6 Bxf6 10. Rd1 Be7 11. g3 Nc6 12. Bg2 O-O 13. O-O Be6 14.
Nd5 Bxd5 15. Qxd5 Qb6 16. Rb1 Rac8 17. c3 Bd8 18. Bh3 Ne7 19. Qd3 Rb8 20.
Rfd1 Bc7 21. c4 Qa7 22. Kg2 Rbd8 23. b4 Bb6 24. f3 Qb8 25. Rbc1 Ba7 26. Nc3
Qc7 27. a3 Kh8 28. Rc2 Bd4 29. Ne2 Bb6 30. Rcd2 Qc6 31. Qb3 Qc7 32. a4 Nc6
33. Nc3 Ne7 34. c5 dxc5 35. Rd7 Qb8 36. Rxe7 cxb4 37. Qxb4 Qa7 38. Nd5 Bc5
39. Qxb7 Qb8 40. Rc7 Bd6 41. Qxb8 Rxb8 42. Rc6 Rb2+ 43. Kh1 Ba3 44. Rc8
Rxc8 45. Bxc8 a5 46. Ba6 g6 47. Re1 Bc5 48. Re2 Rb1+ 49. Kg2 Kg7 50. f4
Rg1+ 51. Kh3 exf4 52. Nxf4 h5 53. Rc2 Bd6 54. Rd2 Be5 55. Rd5 f6 56. Ne2
Rb1 57. Rxa5 g5 58. Kg2 h4 59. Rb5 Ra1 60. Rb7+ Kg6 61. Bb5 1-0

[Event "38th Olympiad"]
[Site "Dresden GER"]
[Date "2008.11.22"]
[Round "9"]
[White "Quinones,Ces"]
[Black "Chavez,HE"]
[Result "1-0"]
[WhiteElo "2312"]
[BlackElo "2202"]
[EventDate "2008.11.13"]

1. Nf3 g6 2. e4 c5 3. Nc3 Bg7 4. d4 cxd4 5. Nxd4 Nc6 6. Be3 Nf6 7. Bc4 O-O
8. Bb3 a5 9. O-O a4 10. Nxa4 Nxe4 11. Nb5 Ra6 12. c4 b6 13. Qe2 Nf6 14.
Rad1 d6 15. h3 Nd7 16. Rfe1 h6 17. f4 Kh7 18. Bf2 f5 19. Kh2 Nf6 20. c5
bxc5 21. Nxc5 Ra5 22. Ne6 Bxe6 23. Bxe6 Ne4 24. Nd4 Nxd4 25. Bxd4 Bxd4 26.
Rxd4 Qb6 27. Red1 Rb8 28. Bb3 Rc5 29. Rg1 Qc7 30. Rf1 Rc1 31. Rdd1 Rxd1 32.
Qxd1 Qc5 33. Qd3 Rb4 34. Qa6 Rb8 35. Qa4 Nd2 36. Re1 Qc7 37. Be6 Ne4 38.
Bd5 g5 1-0

[Event "38th Olympiad"]
[Site "Dresden GER"]
[Date "2008.11.22"]
[Round "9"]
[White "Martinez,Ne"]
[Black "Galvez Dastin,E"]
[Result "0-1"]
[WhiteElo "2149"]
[BlackElo "2178"]
[EventDate "2008.11.13"]

1. d4 d5 2. Nf3 Nf6 3. e3 Bg4 4. c4 e6 5. Nbd2 c6 6. Qc2 Nbd7 7. b3 Qa5 8.
Bd3 Bxf3 9. gxf3 Ba3 10. f4 Bxc1 11. Rxc1 g6 12. O-O O-O 13. c5 b6 14. Nf3
bxc5 15. dxc5 Qb4 16. Nd4 Rfc8 17. Qc3 a5 18. Rc2 e5 19. fxe5 Nxe5 20. f3
Nxd3 21. Qxd3 a4 22. Qc3 Qxc3 23. Rxc3 axb3 24. axb3 Ra2 25. Rf2 Ra1+ 26.
Rf1 Ra2 27. Rf2 Ra1+ 28. Kg2 Kf8 29. Rb2 Ra3 30. Rcc2 Nd7 31. Rc3 Ne5 32.
Nc2 Ra7 33. f4 Ng4 34. b4 Nf6 35. Nd4 Ne4 36. Rc1 Ra3 37. Kf3 Ke8 38. h3
Raa8 39. Rcc2 Rab8 40. Rc1 Kd7 41. h4 Ke7 42. Ne2 Rb7 43. Nd4 h5 44. Rcc2
Ra7 45. Ra2 Rb7 46. Ra6 Rbc7 47. Rca2 Kd7 48. Ra7 Nc3 49. Rxc7+ Rxc7 50.
Ra6 Ne4 51. Ke2 Ng3+ 52. Kd3 f6 53. b5 cxb5 54. c6+ Ke7 55. Nxb5 Rc8 56.
Ra7+ Ke6 57. Nd4+ Kd6 58. Rd7+ Kc5 59. c7 Ne4 60. Rd8 Nd6 61. Rd7 Nb5 62.
Nxb5 Kxb5 63. Rf7 f5 64. Kd4 Kc6 65. Rg7 Rxc7 66. Rxg6+ Kb5 67. Kxd5 Rc3
68. Ke5 Rxe3+ 69. Kxf5 Kc5 70. Re6 Rg3 71. Kf6 Rg4 72. f5 Rxh4 73. Ke7 Ra4
74. f6 Ra7+ 75. Kf8 Kd5 76. Re2 h4 77. f7 Ra1 78. Rh2 Ke6 79. Rxh4 Kf6 80.
Rh6+ Kg5 81. Kg7 Ra7 82. Rb6 0-1

[Event "38th Olympiad"]
[Site "Dresden GER"]
[Date "2008.11.22"]
[Round "9"]
[White "Arosemena,J"]
[Black "Van Hoolandt,P"]
[Result "1-0"]
[WhiteElo "2201"]
[BlackElo "2231"]
[EventDate "2008.11.13"]

1. e4 e5 2. Nf3 Nc6 3. Bc4 Bc5 4. O-O Nf6 5. d4 Bxd4 6. Nxd4 Nxd4 7. Bg5 d6
8. f4 Qe7 9. fxe5 dxe5 10. Nc3 c6 11. Bxf6 gxf6 12. Rf2 Rg8 13. Qh5 Be6 14.
Bxe6 Nxe6 15. Rd1 Rd8 16. Qxh7 Rxd1+ 17. Nxd1 Rg6 18. Qh8+ Qf8 19. Qxf8+
Kxf8 20. Rd2 Ke8 21. Nf2 Nd4 22. Kf1 Ke7 23. c3 Nb5 24. g4 Nd6 25. Re2 Rh6
26. Kg2 Rh8 27. Kg3 Rd8 28. h4 Kf8 29. Kf3 Nc4 30. Rc2 Kg7 31. Ke2 Rh8 32.
h5 Kf8 33. b3 Nd6 34. Rd2 Ke7 35. Kf3 Nb5 36. Rd3 Nc7 37. Nh1 Ne6 38. Ng3
Ng5+ 39. Ke3 Ke8 40. Nf5 b6 41. Rd6 c5 42. Rc6 Ne6 43. Rc8+ Nd8 44. Ra8 a5
45. Rb8 Rg8 46. Kf3 Kd7 47. Rxb6 Ne6 48. Rb7+ Kc6 49. Ne7+ Kxb7 50. Nxg8
Ng5+ 51. Ke3 Nh7 52. Kd3 Kc6 53. Kc4 Kd6 54. Kb5 Ke6 55. Kxa5 Ng5 56. h6
Nh7 57. b4 cxb4 58. cxb4 Kd7 59. b5 1-0

[Event "38th Olympiad"]
[Site "Dresden GER"]
[Date "2008.11.22"]
[Round "9"]
[White "Mathews,B"]
[Black "Lebel,P"]
[Result "0-1"]
[WhiteElo "2032"]
[BlackElo "2187"]
[EventDate "2008.11.13"]

1. e4 b6 2. d4 Bb7 3. Nc3 e6 4. Bd3 Nf6 5. Nf3 Bb4 6. Bg5 h6 7. Bxf6 Bxc3+
8. bxc3 Qxf6 9. O-O d6 10. Re1 e5 11. d5 Nd7 12. Nd2 O-O 13. Re3 Bc8 14.
Nf1 Nc5 15. Rg3 Qh4 16. Qe2 f5 17. exf5 Nxd3 18. cxd3 Bxf5 19. Ne3 Bd7 20.
Nc4 Rf4 21. Nd2 Raf8 22. Ne4 Bf5 23. f3 Bd7 24. Rb1 Kh7 25. Rb4 Qe7 26. c4
g5 27. h3 Rg8 28. d4 Kh8 29. dxe5 Qxe5 30. Qb2 Qxb2 31. Rxb2 Bf5 32. Nd2
Re8 33. Kf2 Kg7 34. Rb3 Kf6 35. Re3 Re5 36. a4 a5 37. Rxe5 Kxe5 38. h4 Rxh4
39. f4+ Rxf4+ 40. Ke3 g4 41. Ke2 Bd7 42. Re3+ Kf6 43. Ra3 h5 44. Ke3 Rf5
45. Kd4 Re5 46. Ne4+ Kg6 47. c5 Bf5 48. Nxd6 cxd6 49. cxb6 Re4+ 50. Kc3 Rb4
51. Ra1 Rxb6 52. Re1 h4 53. Re8 h3 54. g3 Rb7 55. Re2 Rh7 56. Rh2 Be4 57.
Kc4 Rb7 58. Kd4 Bg2 0-1

[Event "38th Olympiad"]
[Site "Dresden GER"]
[Date "2008.11.22"]
[Round "9"]
[White "Anit,T"]
[Black "Ibarra Chami,L"]
[Result "1-0"]
[WhiteElo "1881"]
[BlackElo "2389"]
[EventDate "2008.11.13"]

1. d4 d5 2. c4 e6 3. Nc3 c5 4. e3 Nf6 5. Nf3 Nc6 6. a3 a6 7. Be2 dxc4 8.
Bxc4 b5 9. Bd3 Bb7 10. dxc5 Bxc5 11. O-O Qc7 12. b4 Be7 13. Bb2 Rd8 14. Qc2
Qb6 15. Ne2 h6 16. Rfd1 O-O 17. Ned4 Rc8 18. Qe2 Rfd8 19. Rac1 Nd7 20. Nxc6
Bxc6 21. Ne5 Nxe5 22. Bxe5 Qb7 23. Qg4 Bf8 24. Bb1 Bd5 25. Bf6 Rxc1 26.
Rxc1 Rd7 27. Bd4 Bc6 28. Ba2 Be4 29. h3 Bf5 30. Qg3 Kh7 31. Bb3 f6 32. Bc5
Rc7 33. Qf4 Qc6 34. g4 Bd6 35. Qd4 Be5 36. Qd1 Be4 37. Qd2 Rd7 38. Bd4 Qa8
39. Bxe6 Rd8 40. f4 Bxd4 41. exd4 Qa7 42. Rc5 Qe7 43. f5 Qd6 44. Qe3 Bf3
45. Qxf3 Qxd4+ 46. Kg2 Qb2+ 47. Kg3 Qb1 48. Kh4 Qe1+ 49. Qg3 Qd2 50. Qc3
Qf2+ 51. Kh5 Qf4 52. h4 Rf8 53. Rc8 Qe4 54. Qc2 Qe5 55. g5 hxg5 56. hxg5
g6+ 57. fxg6+ Kg7 58. Rc7+ 1-0

[Event "38th Olympiad"]
[Site "Dresden GER"]
[Date "2008.11.22"]
[Round "9"]
[White "Espinosa Flores,R"]
[Black "Farazi,K"]
[Result "1/2-1/2"]
[WhiteElo "2412"]
[BlackElo "2207"]
[EventDate "2008.11.13"]

1. e4 c5 2. c3 d5 3. exd5 Qxd5 4. d4 cxd4 5. cxd4 Nc6 6. Nf3 e5 7. Nc3 Bb4
8. Bd2 Bxc3 9. Bxc3 exd4 10. Nxd4 Nf6 11. Qe2+ Be6 12. Nxe6 Qxe6 13. Qxe6+
fxe6 14. Bc4 Nd5 15. Rc1 Nxc3 16. Rxc3 Ke7 17. O-O Rad8 18. Re1 Nd4 19.
Rce3 Rd6 20. Bd3 g6 21. Rh3 Kf6 22. Rc1 Rd7 23. Bf1 Rhd8 24. Re3 h5 25.
Rcc3 g5 26. h3 h4 27. Bd3 Rd6 28. Rc7 R6d7 29. Rc5 Rd5 30. Rc7 R5d7 31. Rc1
Rd5 32. Rce1 Rc5 33. Re4 e5 34. R4e3 a5 35. Be4 b5 36. Kh2 Rdc8 37. Bd3 b4
38. b3 Rc3 39. Bc4 Rc5 40. a4 Nc2 41. Rxc3 Nxe1 42. Re3 Nc2 43. Rf3+ Ke7
44. Rf7+ Kd6 45. Rf6+ Kc7 46. Bg8 Nd4 47. Rg6 e4 48. Rg7+ Kd6 49. Rg6+ Kc7
50. Rg7+ Kd6 51. Rg6+ Kc7 52. Rg7+ Kd6 1/2-1/2

[Event "38th Olympiad"]
[Site "Dresden GER"]
[Date "2008.11.22"]
[Round "9"]
[White "Asefi,Z"]
[Black "Capo Vidal,U"]
[Result "1-0"]
[WhiteElo "2172"]
[BlackElo "2340"]
[EventDate "2008.11.13"]

1. d4 d5 2. c4 e6 3. Nc3 c6 4. Nf3 dxc4 5. a4 Bb4 6. Bd2 a5 7. e3 b5 8. Ne5
Bb7 9. Qf3 Qf6 10. Qg3 Bxc3 11. Bxc3 Ne7 12. axb5 cxb5 13. Rxa5 Rxa5 14.
Bxa5 O-O 15. Be2 Nf5 16. Qh3 Nh4 17. f3 Ng6 18. Bc3 Nxe5 19. dxe5 Qe7 20.
Kf2 Rd8 21. Qg4 Nc6 22. h4 Qc5 23. Rc1 Rd5 24. f4 Ne7 25. Qh3 Rd7 26. g4
Nd5 27. Bd4 Qb4 28. Qg3 Qa4 29. f5 Nb4 30. Rc3 Nd5 31. Rc1 Nb4 32. f6 Qa6
33. Qf4 h6 34. fxg7 Kxg7 35. Qf6+ Kh7 36. g5 Qc6 37. Rg1 Qe4 38. Qxh6+ Kg8
39. g6 Qf5+ 40. Ke1 f6 41. exf6 Qb1+ 42. Kf2 Qf5+ 43. Kg3 Nd3 44. f7+ 1-0

[Event "38th Olympiad"]
[Site "Dresden GER"]
[Date "2008.11.22"]
[Round "9"]
[White "Bouaziz,M"]
[Black "Rowe,D"]
[Result "1-0"]
[WhiteElo "2203"]
[BlackElo "2203"]
[EventDate "2008.11.13"]

1. d4 Nf6 2. Nf3 c5 3. e3 g6 4. Bd3 Bg7 5. O-O b6 6. c4 Bb7 7. d5 O-O 8.
Nc3 d6 9. e4 Na6 10. Nd2 Nh5 11. Ne2 Nb4 12. Bb1 e5 13. f4 exf4 14. Nxf4
Nxf4 15. Rxf4 Na6 16. Rf1 Nb8 17. Nf3 Nd7 18. Bg5 Qc7 19. Qd2 Rae8 20. Bd3
Bc8 21. Rae1 f6 22. Bf4 Rf7 23. h4 Ref8 24. b3 Ne5 25. Nh2 f5 26. exf5 Bxf5
27. Bxf5 Rxf5 28. Bg5 Qd7 29. Qe2 h6 30. Bd2 Qd8 31. Qe4 Kh7 32. Bc3 Qe7
33. Rxf5 Rxf5 34. Rf1 Qf7 35. h5 Rxf1+ 36. Nxf1 Qf5 37. Qxf5 gxf5 38. Ng3
Nf7 39. Bd2 Bf8 40. Nxf5 a6 41. Bf4 Kg8 42. Kf2 Ng5 43. Bxg5 hxg5 44. Kf3
Kf7 45. Kg4 Kf6 46. a4 1-0